000 00210 a2200097 4500
001 52960
100 _aFatehullah Khan
245 _aGod Univers & Man
260 _aLahore
_bWajidalis
_c
090 _c33290
_d33290
942 _aNUST-CAE
_cM
_c25881
999 _c288033
_d288033